Normal view
MARC view
Entry Topical Term
001 - CONTROL NUMBER
- control field: 5160
003 - CONTROL NUMBER IDENTIFIER
- control field: BD-RjUL
005 - DATE AND TIME OF LATEST TRANSACTION
- control field: 20221011100649.0
008 - FIXED-LENGTH DATA ELEMENTS
- fixed length control field: 221011|| aca||aabn | a|a d
040 ## - CATALOGING SOURCE
- Original cataloging agency: BD-RjUL
- Transcribing agency: BD-RjUL
150 ## - HEADING--TOPICAL TERM
- Topical term or geographic name entry element: Approximate
- Form subdivision: Nonlinear Physical
670 ## - SOURCE DATA FOUND
- Source citation: Work cat.: (BD-RjUL)80502: Uddin, Md. Alhaz 5159, On Some Approximate Solutions of Nonlinear Physical and Biological Problems /, 2010